History Quiz: Groups of Things #3 - Statistics

General Stats
  • This quiz has been taken 177 times
  • The average score is 22 of 80
Answer Stats
Group Answer % Correct
Most populous US cities in 1880 New York
92%
Tallest premodern pyramids* Great Pyramid of {Giza}
84%
Most populous US cities in 1880 Boston
80%
Most populous US cities in 1880 Philadelphia
80%
Most populous US cities in 1880 Chicago
76%
The "Four Great Ancient Capitals of China" Beijing
72%
Roman Emperors of the Julio-Claudian dynasty Augustus
67%
Roman Emperors of the Julio-Claudian dynasty Nero
63%
Epidemics/Pandemics with 5 million+ fatalities or more Spanish flu
60%
Roman Emperors of the Julio-Claudian dynasty Claudius
57%
Anglo-Saxon kingdoms of the Heptarchy Wessex
56%
Tallest premodern pyramids* {Red} Pyramid
52%
Roman Emperors of the Julio-Claudian dynasty Caligula
50%
Anglo-Saxon kingdoms of the Heptarchy Essex
49%
Epidemics/Pandemics with 5 million+ fatalities or more Black Death
47%
The "Four Great Ancient Capitals of China" Nanjing
47%
Most populous US cities in 1880 Baltimore
45%
Holy Roman Emperors 1440–1740 Charles V
45%
Holy Roman Emperors 1440–1740 Charles VI
45%
Anglo-Saxon kingdoms of the Heptarchy Sussex
45%
Ruling city-states of the Aztec Empire Mexico-Tenochtitlan
44%
Common languages of the Neo-Assyrian Empire Aramaic
43%
Most populous US cities in 1880 San Francisco
43%
Roman Emperors of the Julio-Claudian dynasty Tiberius
43%
The "Four Great Ancient Capitals of China" Chang'an
40%
Anglo-Saxon kingdoms of the Heptarchy Mercia
40%
Most populous US cities in 1880 New Orleans
38%
Anglo-Saxon kingdoms of the Heptarchy Northumbria
38%
Most populous US cities in 1880 St. Louis
37%
Epidemics/Pandemics with 5 million+ fatalities or more Plague of {Justinian}
35%
Anglo-Saxon kingdoms of the Heptarchy East Anglia
30%
Epidemics/Pandemics with 5 million fatalities or more {Antonine} Plague
29%
Countries involved in the War of the Pacific Chile
28%
Anglo-Saxon kingdoms of the Heptarchy Kent
28%
Countries involved in the War of the Pacific Peru
28%
Colonies that formed the Union of South Africa Cape Colony
27%
Epidemics/Pandemics with 5 million+ fatalities or more 1520 Mexico {smallpox} epidemic
24%
Countries involved in the War of the Pacific Bolivia
24%
Epidemics/Pandemics with 5 million+ fatalities or more Third {plague} pandemic
24%
Most populous US cities in 1880 Cincinnati
23%
Kings of Denmark 937–1046 Harthacnut
22%
Kings of Denmark 937–1046 Cnut the Great
21%
Holy Roman Emperors 1440–1740 Frederick III
20%
Kings of Denmark 937–1046 Harald I Bluetooth
19%
Kings of Denmark 937–1046 Harald II Svendsen
19%
Common languages of the Neo-Assyrian Empire Egyptian
18%
Common languages of the Neo-Assyrian Empire Sumerian
17%
Colonies that formed the Union of South Africa Transvaal Colony
16%
Epidemics/Pandemics with 5 million+ fatalities or more HIV/AIDS
13%
Colonies that formed the Union of South Africa Natal Colony
13%
The "Four Great Ancient Capitals of China" Luoyang
12%
Common languages of the Neo-Assyrian Empire Akkadian
10%
Most populous US cities in 1880 Brooklyn
10%
Holy Roman Emperors 1440–1740 Ferdinand I
10%
Holy Roman Emperors 1440–1740 Ferdinand II
10%
Holy Roman Emperors 1440–1740 Ferdinand III
10%
Holy Roman Emperors 1440–1740 Joseph I
10%
Tallest premodern pyramids* Pyramid of {Djoser}
10%
Common languages of the Neo-Assyrian Empire Phoenician
9%
Holy Roman Emperors 1440–1740 Leopold I
8%
Holy Roman Emperors 1440–1740 Maximilian I
8%
Holy Roman Emperors 1440–1740 Maximilian II
8%
Common languages of the Neo-Assyrian Empire Hittite
7%
Tallest premodern pyramids* Pyramid of the {Sun}
7%
Kings of Denmark 937–1046 Sweyn I Forkbeard
7%
Tallest premodern pyramids* Pyramid of {Khafre}
6%
Holy Roman Emperors 1440–1740 Rudolph II
6%
Tallest premodern pyramids* {Bent} Pyramid
5%
Kings of Denmark 937–1046 Magnus the Good
5%
Holy Roman Emperors 1440–1740 Matthias
5%
Colonies that formed the Union of South Africa Orange River Colony
3%
Ruling city-states of the Aztec Empire Texcoco
3%
Kings of Denmark 937–1046 Gorm the Old
2%
Tallest premodern pyramids* Pyramid of {Menkaure}
2%
Epidemics/Pandemics with 5 million+ fatalities or more {Cocoliztli} epidemic of 1545–1548
1%
Tallest premodern pyramids* Great Pyramid of {Cholula}
1%
Common languages of the Neo-Assyrian Empire Hurrian
1%
Tallest premodern pyramids* La {Danta}
1%
Tallest premodern pyramids* Pyramid of {Meidum}
1%
Ruling city-states of the Aztec Empire Tlacopan
1%
No matching quizzes found
Score Distribution
Percent of People with Each Score
Percentile by Number Answered
Your Score History
You have not taken this quiz